00413nam a2200157Ia 4500008004100000020001800041082000800059100001600067245005400083250000600137260003900143300001600182500002400198650001600222700001700238230524s9999 xx 000 0 und d a9789381141724 bBHA aGeeta Bhatt 0aExperiments Based on Analog & Digital Electronics a1 aNew DelhibI.K.Internationalc2012 a"xii,213P;" aQuantity Number: 1 aElectronics aGeeta Mongia